[Event "World Rapid Women 2017"]
[Site "Riyadh KSA"]
[Date "2017.12.27"]
[Round "6.20"]
[White "Gvetadze, Sofio"]
[Black "Zawadzka, Jolanta"]
[Result "1/2-1/2"]
[WhiteTitle "IM"]
[BlackTitle "WGM"]
[WhiteElo "2289"]
[BlackElo "2424"]
[WhiteFideId "13601440"]
[BlackFideId "1122320"]
[EventDate "2017.12.26"]

1. e4 c5 2. Nf3 Nc6 3. Nc3 d6 4. Bb5 Bd7 5. O-O Nf6 6. Bxc6 Bxc6 7. e5 dxe5 8.
Nxe5 Qc7 9. Qe2 a6 10. d3 e6 11. Nxc6 Qxc6 12. Bg5 Be7 13. Rfe1 O-O 14. Ne4 Nd5
15. Bd2 Rfe8 16. a3 Rad8 17. Rad1 h6 18. c4 Nf6 19. Bc3 Nxe4 20. dxe4 Qa4 21. f4
b5 22. cxb5 axb5 23. Rxd8 Rxd8 24. f5 exf5 25. exf5 Bf8 26. Qe4 b4 27. Qg4 Qc6
28. axb4 cxb4 29. Be5 Re8 30. Qg3 Qc2 31. f6 g6 32. Kh1 Qd2 33. Rg1 Bc5 34. Ra1
Qe2 35. Re1 Qf2 36. Ra1 Qf5 37. Bd6 Bd4 38. Bxb4 Bxb2 39. Re1 Rxe1+ 40. Qxe1
Qxf6 41. Bc5 Be5 42. Bg1 h5 43. Qa5 h4 44. h3 Kh7 45. Qe1 g5 46. Qe2 Kh6 47. Qd1
Qf5 48. Qd8 Bf6 49. Qf8+ Bg7 50. Qd6+ Kh5 51. Qd1+ Kg6 52. Qd6+ Qe6 53. Qd3+ f5
54. Qb1 Bf6 55. Bf2 Qe4 56. Qb8 g4 57. Qg8+ Bg7 58. hxg4 Qxg4 59. Qb3 Qe4 60.
Qe3 Qxe3 61. Bxe3 Kh5 62. Kg1 Kg4 63. Kf1 Be5 64. Kg1 Bg3 65. Bc5 Be1 66. Bd4
Ba5 67. Bc5 f4 68. Bd6 Bb6+ 69. Kh1 Be3 70. Bxf4 Bxf4 71. Kg1 Bg3 72. Kh1 Kf4
73. Kg1 Ke3 74. Kh1 Bc7 75. Kg1 Bg3 76. Kh1 Ke2 77. Kg1 Be5 78. Kh1 Bd4 79. Kh2
Kf2 80. Kh1 Bf6 81. g3 hxg3 1/2-1/2

[Event "World Rapid Women 2017"]
[Site "Riyadh KSA"]
[Date "2017.12.27"]
[Round "6.21"]
[White "Doluhanova, Evgeniya"]
[Black "Saduakassova, Dinara"]
[Result "1-0"]
[WhiteTitle "WGM"]
[BlackTitle "IM"]
[WhiteElo "2352"]
[BlackElo "2460"]
[WhiteFideId "14112035"]
[BlackFideId "13700090"]
[EventDate "2017.12.26"]

1. e4 e5 2. Nf3 Nc6 3. Bb5 a6 4. Ba4 Nf6 5. d3 d6 6. Nbd2 g6 7. Nf1 Bg7 8. Ne3
O-O 9. c3 d5 10. exd5 Nxd5 11. Nxd5 Qxd5 12. Bb3 Qd6 13. O-O Bf5 14. Ne1 Rad8
15. Bg5 Bf6 16. Bxf6 Qxf6 17. f4 Qd6 18. Qc1 Qc5+ 19. Kh1 Bxd3 20. Nxd3 Rxd3 21.
Bc2 Re3 22. f5 Rd8 23. Bb3 Rd7 24. Qc2 e4 25. fxg6 hxg6 26. Qf2 Ne5 27. Rad1
Rxd1 28. Bxf7+ Kh7 29. Qh4+ Kg7 30. Qf6+ Kh7 31. Rxd1 Rd3 32. Rf1 Qd6 33. Qh4+
Kg7 34. Bb3 e3 35. Qe4 b6 36. Re1 Rd2 37. Qxe3 Rxb2 38. h3 Nd3 39. Rf1 Ne5 40.
Rd1 Qf6 41. Re1 Nc6 42. Rd1 Ne5 43. Re1 Nc6 44. Qg3 Qd6 45. Qf3 Ne5 46. Qe3 Nd3
47. Rf1 Ne5 48. Rd1 Qf6 49. Re1 Nc6 50. Rd1 Ne7 51. Qg3 Qf2 52. Qxf2 Rxf2 53.
Rd7 Kf6 54. Rxc7 a5 55. Rb7 Nf5 56. Rxb6+ Kg5 57. Kg1 Rb2 58. Ra6 Kf4 59. Rxg6
Ne3 60. Kh2 Nf1+ 61. Kg1 Ne3 62. Kh2 Nf1+ 63. Kg1 Ne3 64. Rf6+ Kg5 65. Rf3 Rxg2+
66. Kh1 Re2 67. Kg1 Nf5 68. c4 Nd4 69. Rf2 Re3 70. Kg2 Rc3 71. Rd2 Nf3 72. Rf2
Nh4+ 73. Kh2 Nf3+ 74. Kg2 Nh4+ 75. Kh2 Nf3+ 76. Kg2 Nh4+ 77. Kf1 Rxh3 78. c5
Rh1+ 79. Ke2 Rc1 80. Kd3 Rxc5 81. Rc2 Re5 82. Re2 Rf5 83. Kc3 Nf3 84. Re4 Ne5
85. Kb2 Kf6 86. Ka3 Nc6 87. Re6+ Kg5 88. Rxc6 1-0

[Event "World Rapid Women 2017"]
[Site "Riyadh KSA"]
[Date "2017.12.27"]
[Round "6.22"]
[White "Fataliyeva, Ulviyya"]
[Black "Bodnaruk, Anastasia"]
[Result "0-1"]
[WhiteTitle "WGM"]
[BlackTitle "IM"]
[WhiteElo "2384"]
[BlackElo "2428"]
[WhiteFideId "13403052"]
[BlackFideId "4181751"]
[EventDate "2017.12.26"]

1. e4 c5 2. Nf3 d6 3. d4 cxd4 4. Nxd4 Nf6 5. Nc3 a6 6. Bg5 Nbd7 7. f4 Qc7 8. Qf3
g6 9. O-O-O Bg7 10. h3 O-O 11. g4 e5 12. Nde2 b5 13. f5 b4 14. Nd5 Nxd5 15. Rxd5
f6 16. Be3 Bb7 17. Rd2 Nb6 18. Bxb6 Qxb6 19. Qb3+ Kh8 20. h4 Bxe4 21. Rg1 gxf5
22. g5 f4 23. gxf6 Rxf6 24. Rg4 Bh6 25. Nc3 Bb7 26. Nd5 Bxd5 27. Qxd5 Raf8 28.
Bc4 Qd8 29. Kb1 f3 30. Rd1 f2 31. Rf1 Rf4 32. Rg2 Qa8 33. Qxa8 Rxa8 34. b3 Raf8
35. Bxa6 e4 36. Rh2 e3 37. Rhh1 Rd4 38. Rd1 Rd2 39. Rxd2 exd2 40. Bb5 f1=Q+ 0-1

[Event "World Rapid Women 2017"]
[Site "Riyadh KSA"]
[Date "2017.12.27"]
[Round "6.23"]
[White "Lagno, Kateryna"]
[Black "Bulmaga, Irina"]
[Result "1/2-1/2"]
[WhiteTitle "GM"]
[BlackTitle "IM"]
[WhiteElo "2547"]
[BlackElo "2427"]
[WhiteFideId "14109336"]
[BlackFideId "13903063"]
[EventDate "2017.12.26"]

1. e4 c5 2. Nf3 d6 3. d4 cxd4 4. Nxd4 Nf6 5. Nc3 a6 6. Be3 e5 7. Nf3 Be7 8. Bc4
O-O 9. O-O Be6 10. Bxe6 fxe6 11. Na4 Nfd7 12. c4 Nc6 13. Nc3 h6 14. Qe2 Qe8 15.
Rad1 Rc8 16. a3 Nf6 17. b4 Nh5 18. b5 Nb8 19. c5 Nf4 20. Bxf4 exf4 21. cxd6 Rxc3
22. dxe7 Qxe7 23. a4 Qc5 24. e5 Rc4 25. Rd6 axb5 26. axb5 Rc2 27. Qe4 Rc1 28.
Rdd1 Rxd1 29. Rxd1 Qxb5 30. h3 Qc6 31. Qg6 Qe8 32. Qb1 Qe7 33. Qb3 Nc6 34. Rb1
Rd8 35. Qc4 Qf7 36. Rb6 Rd5 37. Qe4 Qc7 38. Rb1 Nxe5 39. Qxf4 Nxf3+ 40. Qxf3 b5
41. Re1 Qd7 42. Kh2 Qd6+ 43. g3 b4 44. Qe3 Rf5 45. Rc1 Qe5 46. Rc8+ Kh7 47. Qd3
b3 48. f4 Qd5 49. Qb1 Qd2+ 50. Kh1 Qd5+ 51. Kh2 Qd2+ 52. Kh1 Qe3 53. Kg2 Qe2+
54. Kg1 Qe3+ 55. Kg2 h5 56. h4 Qe2+ 57. Kg1 Qf3 58. Kh2 Qe2+ 59. Kg1 Kh6 60.
Rh8+ Kg6 61. Rb8 Qe3+ 62. Kh2 Qe2+ 63. Kh3 Qg4+ 64. Kg2 Qe2+ 65. Kh3 Qg4+ 1/2-1/2

[Event "World Rapid Women 2017"]
[Site "Riyadh KSA"]
[Date "2017.12.27"]
[Round "6.24"]
[White "Munguntuul, Batkhuyag"]
[Black "Ordaz Valdes, Lisandra Teresa"]
[Result "1-0"]
[WhiteTitle "IM"]
[BlackTitle "WGM"]
[WhiteElo "2397"]
[BlackElo "2414"]
[WhiteFideId "4900758"]
[BlackFideId "3506940"]
[EventDate "2017.12.26"]

1. e4 e5 2. Nf3 d6 3. d4 exd4 4. Nxd4 Nf6 5. Nc3 Be7 6. Be2 O-O 7. O-O Re8 8.
Re1 Bf8 9. Bc4 c6 10. a4 Nbd7 11. a5 Nc5 12. f3 d5 13. exd5 Rxe1+ 14. Qxe1 cxd5
15. Bf1 Ne6 16. Be3 Bb4 17. a6 bxa6 18. Bxa6 Bxa6 19. Rxa6 Qc8 20. Nxe6 Qxa6 21.
Nc7 Qc4 22. Nxa8 d4 23. Qh4 Bxc3 24. bxc3 Qc6 25. Qxd4 Qxa8 26. Qxa7 Qe8 27. c4
h6 28. h3 Qe6 29. Qd4 Nd7 30. c5 Ne5 31. Qe4 f5 32. Qa8+ Kh7 33. Bd4 Nc6 34. Qa1
Qd7 35. c3 Qd5 36. Kh1 Qe6 37. Qb1 Qd5 38. Qb7 Qe6 39. Qxg7# 1-0

[Event "World Rapid Women 2017"]
[Site "Riyadh KSA"]
[Date "2017.12.27"]
[Round "6.25"]
[White "Mkrtchian, Lilit"]
[Black "Vijayalakshmi, Subbaraman"]
[Result "0-1"]
[WhiteTitle "IM"]
[BlackTitle "IM"]
[WhiteElo "2376"]
[BlackElo "2357"]
[WhiteFideId "13300601"]
[BlackFideId "5004098"]
[EventDate "2017.12.26"]

1. c4 Nf6 2. Nf3 g6 3. Nc3 Bg7 4. e4 d6 5. d4 O-O 6. h3 Nc6 7. Be3 e5 8. d5 Ne7
9. g4 a5 10. Nd2 c6 11. Be2 b5 12. g5 Ne8 13. cxb5 cxd5 14. Nxd5 Nxd5 15. exd5
f5 16. f3 f4 17. Bf2 Qxg5 18. h4 Qe7 19. Ne4 Nf6 20. Bd3 Bf5 21. Qe2 Rac8 22.
Nxf6+ Bxf6 23. Be4 a4 24. h5 Qc7 25. hxg6 hxg6 26. Rg1 Kf7 27. Qd3 Bxe4 28. Qxe4
Qc2 29. Qb4 e4 30. Qxd6 Rfe8 31. Kf1 exf3 32. Rg4 Qe2+ 33. Kg1 Rc2 34. Rf1 Qxf2+
35. Rxf2 Re1+ 36. Kh2 Rxf2+ 0-1

[Event "World Rapid Women 2017"]
[Site "Riyadh KSA"]
[Date "2017.12.27"]
[Round "6.26"]
[White "Gaponenko, Inna"]
[Black "Vo, Thi Kim Phung"]
[Result "0-1"]
[WhiteTitle "IM"]
[BlackTitle "WGM"]
[WhiteElo "2435"]
[BlackElo "2380"]
[WhiteFideId "14101181"]
[BlackFideId "12401838"]
[EventDate "2017.12.26"]

1. e4 e6 2. d4 d5 3. exd5 exd5 4. Nf3 Nf6 5. Bd3 Bg4 6. O-O Be7 7. Re1 O-O 8.
Bg5 Nbd7 9. Nbd2 Re8 10. c3 c6 11. Qc2 Nf8 12. Ne5 Bh5 13. f4 N6d7 14. Bxe7 Rxe7
15. Bf5 Bg6 16. Ndf3 Bxf5 17. Qxf5 f6 18. Nd3 Qe8 19. Rxe7 Qxe7 20. Re1 Qf7 21.
Nh4 Re8 22. Qg4 Rxe1+ 23. Nxe1 Qe8 24. Kf2 Nb6 25. b3 Qe4 26. Qf5 Qe7 27. Qd3 g6
28. Qe2 Kf7 29. Qxe7+ Kxe7 30. Ke3 Nc8 31. Nef3 Nd6 32. Nd2 Ne6 33. g3 Ng7 34.
g4 g5 35. fxg5 fxg5 36. Nhf3 h6 37. c4 Ne6 38. c5 Ne8 39. Ne5 N8c7 40. a4 a5 41.
Nf1 Ng7 42. Ng3 Nce6 43. Nd3 Nc7 44. b4 axb4 45. Nxb4 Ke6 46. a5 Nge8 47. Nf5 h5
48. Kf3 h4 49. h3 Kd7 50. Nh6 Ke6 51. Nf5 Kd7 52. Nd3 Nb5 53. Ne5+ Ke6 54. a6
bxa6 55. Nxc6 Nec7 56. Nd8+ Kf6 57. Nb7 Na3 58. Na5 Ke6 59. Ke2 Nc2 60. Kd2 Na3
61. Kd3 Nab5 62. Ne3 Kd7 63. Nb3 Na7 64. Nd2 Ke6 65. Nf3 Kf6 66. Ne5 Ke6 67. Nf5
Nab5 68. Ne3 Nxd4 69. Ng6 Nb3 70. c6 Na5 71. Nf8+ Kf7 72. Nh7 Kg6 73. Nf8+ Kg7
74. Nd7 Nxc6 75. Nb6 Ne5+ 76. Ke2 Ng6 77. Ng2 Kf6 78. Ke3 Ke5 79. Nd7+ Kd6 80.
Nf6 Ne6 81. Nh7 Ke7 82. Ne1 Ne5 83. Nc2 Nc6 84. Ne1 Kf7 85. Nf3 Kg6 0-1

[Event "World Rapid Women 2017"]
[Site "Riyadh KSA"]
[Date "2017.12.27"]
[Round "6.27"]
[White "Zimina, Olga"]
[Black "Mammadzada, Gunay"]
[Result "1-0"]
[WhiteTitle "IM"]
[BlackTitle "WGM"]
[WhiteElo "2415"]
[BlackElo "2333"]
[WhiteFideId "4132190"]
[BlackFideId "13403729"]
[EventDate "2017.12.26"]

1. Nf3 d5 2. e3 Nf6 3. c4 c6 4. Nc3 g6 5. d4 Bg7 6. Be2 O-O 7. O-O b6 8. cxd5
cxd5 9. Ne5 Bb7 10. Bd2 Nbd7 11. f4 a6 12. Bd3 e6 13. Qf3 b5 14. g4 b4 15. Ne2
a5 16. Ng3 Qe7 17. Rfc1 Rfc8 18. h3 Nxe5 19. dxe5 Nd7 20. Qd1 f6 21. exf6 Bxf6
22. Rab1 e5 23. Qf1 e4 24. Bb5 d4 25. exd4 Bxd4+ 26. Kh2 Kh8 27. Rc4 Rxc4 28.
Qxc4 Qc5 29. b3 Rd8 30. Re1 Bf2 31. Qxc5 Nxc5 32. Re2 Bd4 33. Be3 Nd3 34. Bxd4+
Rxd4 35. f5 Kg7 36. fxg6 hxg6 37. Rc2 Kf6 38. Ne2 Rd6 39. Rc7 Bd5 40. Kg3 Be6
41. h4 Ne5 42. g5+ Kf5 43. Rc5 e3 44. Nf4 Ke4 45. Be2 Bf5 46. Rxa5 Kd4 47. Rb5
Nc6 48. Bf3 Kc3 49. Rc5+ Kd2 50. Rxc6 Rxc6 51. Bxc6 e2 52. Nxe2 Kxe2 53. Kf4 Bb1
54. Bd5 Kf2 55. Bf7 Ke2 56. h5 gxh5 57. Bxh5+ Kd2 58. Bf7 Bxa2 59. g6 Bb1 60. g7 1-0

[Event "World Rapid Women 2017"]
[Site "Riyadh KSA"]
[Date "2017.12.27"]
[Round "6.28"]
[White "Mammadova, Gulnar"]
[Black "Karavade, Eesha"]
[Result "1/2-1/2"]
[WhiteTitle "IM"]
[BlackTitle "IM"]
[WhiteElo "2357"]
[BlackElo "2384"]
[WhiteFideId "13403508"]
[BlackFideId "5012600"]
[EventDate "2017.12.26"]

1. e4 c5 2. Nf3 d6 3. Bb5+ Nc6 4. d4 cxd4 5. Qxd4 Bd7 6. Bxc6 Bxc6 7. Nc3 Nf6 8.
Bg5 e6 9. Qd3 Be7 10. Nd4 Qa5 11. Bd2 Qh5 12. h3 O-O 13. O-O d5 14. exd5 Nxd5
15. Nxd5 Qxd5 16. Nxc6 bxc6 17. Bc3 Qxd3 18. cxd3 Rfd8 19. Rfd1 Rd5 20. Kf1 Rad8
21. Ke2 Bc5 22. Rac1 Rf5 23. Be1 Re5+ 24. Kf1 Bd4 25. Bc3 c5 26. Bxd4 Rxd4 27.
Rc3 g6 28. Rdc1 Ra4 29. a3 Rd4 30. Rxc5 Rxc5 31. Rxc5 Rxd3 32. Rb5 Rd7 33. g4 h6
34. Ke2 Kg7 35. a4 Kf6 36. b4 Ke7 37. Rc5 Kd6 38. Rc4 Kd5 39. Kd3 e5 40. Rc5+
Ke6+ 41. Ke3 Rb7 42. b5 Rd7 43. a5 Rd5 44. Rxd5 Kxd5 45. b6 axb6 46. axb6 Kc6
47. Ke4 f6 48. f3 Kxb6 49. Kd5 Kb5 50. h4 h5 51. gxh5 gxh5 52. Ke6 Kc4 53. Kxf6
Kd4 54. Kf5 Ke3 55. Kxe5 Kxf3 56. Kf5 Ke3 57. Kg5 Ke4 58. Kxh5 Kf5 1/2-1/2

[Event "World Rapid Women 2017"]
[Site "Riyadh KSA"]
[Date "2017.12.27"]
[Round "6.29"]
[White "Mamedjarova, Zeinab"]
[Black "Nechaeva, Marina"]
[Result "0-1"]
[WhiteTitle "WGM"]
[BlackTitle "IM"]
[WhiteElo "2363"]
[BlackElo "2424"]
[WhiteFideId "13401521"]
[BlackFideId "4149351"]
[EventDate "2017.12.26"]

1. d4 d5 2. e3 Nf6 3. Bd3 c5 4. c3 Nc6 5. Nd2 cxd4 6. exd4 Bg4 7. f3 Bh5 8. Ne2
Bg6 9. Nf4 e6 10. Nf1 Bd6 11. Ng3 Qc7 12. Nge2 O-O 13. O-O Bxd3 14. Qxd3 Rab8
15. Kh1 b5 16. a3 Na5 17. Nh3 Nc4 18. Rb1 h6 19. g4 e5 20. dxe5 Nxe5 21. Qc2
Rfe8 22. Nd4 Ng6 23. g5 hxg5 24. Bxg5 Nh7 25. Rg1 Be5 26. Rbd1 Rb6 27. Nf5 Nxg5
28. Rxg5 d4 29. Nxd4 Bxd4 30. Rxd4 Rbe6 31. Rd2 Qc4 32. Rg1 Qh4 33. Qf5 Re1 34.
Rd7 Ne5 35. Rxa7 g6 36. Qc2 Nxf3 37. Rxf7 Rxg1+ 38. Nxg1 Kxf7 39. Nxf3 Qc4 40.
Qf2 Qd5 41. h4 Kg8 42. Kg2 Re4 43. Kh3 Qf5+ 44. Kh2 Qf4+ 45. Kg2 Qg4+ 46. Kh2
Rf4 47. Qg3 Qxf3 48. Qxg6+ Kf8 49. Qd6+ Kg7 50. Qe5+ Rf6 51. Qe7+ Rf7 52. Qg5+
Kh7 53. Qxb5 Qf2+ 54. Kh1 Qxh4+ 55. Kg1 Qg3+ 56. Kh1 Qf3+ 57. Kh2 Rg7 0-1

[Event "World Rapid Women 2017"]
[Site "Riyadh KSA"]
[Date "2017.12.27"]
[Round "6.30"]
[White "Skripchenko, Almira"]
[Black "Charkhalashvili, Inga"]
[Result "1/2-1/2"]
[WhiteTitle "IM"]
[BlackTitle "WGM"]
[WhiteElo "2403"]
[BlackElo "2355"]
[WhiteFideId "13900145"]
[BlackFideId "13601431"]
[EventDate "2017.12.26"]

1. Nf3 Nf6 2. g3 b6 3. Bg2 Bb7 4. d3 c5 5. e4 d6 6. O-O Nbd7 7. Nc3 g6 8. Nh4
Qc8 9. f4 Bg7 10. g4 Nf8 11. g5 N6d7 12. f5 Be5 13. a4 Bc6 14. Nd5 Bxd5 15. exd5
f6 16. c3 fxg5 17. Bxg5 h6 18. Be3 g5 19. Ng6 Nxg6 20. fxg6 Nf6 21. d4 Bxh2+ 22.
Kxh2 Ng4+ 23. Kh1 Nxe3 24. g7 Rg8 25. Qh5+ Kd7 26. Qh3+ Kc7 27. Qxe3 Rxg7 28. a5
g4 29. axb6+ axb6 30. dxc5 bxc5 31. b4 g3 32. Rxa8 Qxa8 33. bxc5 Qa4 34. cxd6+
exd6 35. c4 h5 36. Kg1 h4 37. Qd4 Re7 38. Qxh4 Qa7+ 39. Kh1 Qe3 40. c5 dxc5 41.
Qf4+ Qxf4 42. Rxf4 Re1+ 43. Rf1 Re3 44. Kg1 c4 45. Rf6 Re1+ 46. Bf1 Rd1 47. Rc6+
Kd7 48. Rxc4 Rxd5 49. Rg4 Rd2 50. Rxg3 Kd6 51. Rg5 Rd5 52. Rg8 Ke5 53. Be2 Rd4
54. Kf2 Rb4 55. Bd3 Rh4 56. Re8+ Kd4 57. Rd8+ Ke5 58. Be2 Rf4+ 59. Ke3 Re4+ 60.
Kd3 Ra4 61. Rb8 Rd4+ 62. Ke3 Re4+ 63. Kd2 Rh4 64. Bd3 Rh2+ 65. Kc3 Rh6 66. Rb5+
Kf4 67. Rf5+ Ke3 68. Re5+ Kf4 69. Re4+ Kf3 70. Re8 Rc6+ 71. Kd2 Kf4 72. Ke2 Rb6
73. Re4+ Kg5 74. Kf3 Rf6+ 75. Kg3 Rd6 76. Be2 Kf6 77. Bg4 Rb6 78. Kf4 Ra6 79.
Rb4 Rc6 80. Bf3 Ra6 81. Bd5 Rd6 82. Be4 Ra6 83. Rb8 Ke7 84. Rh8 Rf6+ 85. Bf5 Kd6
86. Rd8+ Kc5 87. Ke5 Rh6 88. Bg4 Rh4 89. Rc8+ Kb4 90. Be6 Rh5+ 91. Bf5 Rh2 92.
Be4 Rd2 93. Rc1 Re2 94. Kd4 Rd2+ 95. Bd3 Rh2 96. Rb1+ Ka5 97. Bc4 Rh8 98. Bd5
Rc8 99. Bc4 Rh8 100. Rb5+ Ka4 101. Rb6 Ka5 102. Rg6 Kb4 103. Rb6+ Ka5 104. Rb1
Rd8+ 105. Kc3 Rh8 106. Rb5+ Ka4 107. Rb6 Rh3+ 108. Bd3 Rh5 109. Rc6 Rg5 110.
Ra6+ Ra5 111. Rh6 Rg5 112. Bc4 Rg3+ 113. Kd4 Kb4 114. Rb6+ Ka3 115. Bd3 Rg5 116.
Rb8 Ka4 117. Kc3 Ka5 118. Ra8+ Kb6 119. Kb4 Rg1 120. Ra6+ Kb7 121. Re6 Kc7 122.
Bc4 Rg5 123. Bb5 Rg4+ 124. Ka5 Rg5 125. Rc6+ Kd8 126. Re6 Kc7 1/2-1/2

[Event "World Rapid Women 2017"]
[Site "Riyadh KSA"]
[Date "2017.12.27"]
[Round "6.32"]
[White "Hoolt, Sarah"]
[Black "Sedina, Elena"]
[Result "1-0"]
[WhiteTitle "WGM"]
[BlackTitle "IM"]
[WhiteElo "2405"]
[BlackElo "2312"]
[WhiteFideId "24606812"]
[BlackFideId "812153"]
[EventDate "2017.12.26"]

1. e4 e6 2. d4 d5 3. e5 c5 4. c3 Qb6 5. Nf3 Nc6 6. a3 Nh6 7. b4 cxd4 8. Bxh6
gxh6 9. cxd4 Bd7 10. Ra2 Rg8 11. g3 Rg4 12. Rd2 a5 13. b5 Re4+ 14. Be2 Qxb5 15.
O-O Qb6 16. Bd3 Rc8 17. Bxe4 dxe4 18. Ne1 Ne7 19. Ng2 Nd5 20. Qg4 Bb5 21. Rb2
Qa6 22. Re1 Bd3 23. Nf4 Nxf4 24. Qxf4 b5 25. Rc1 b4 26. axb4 axb4 27. Qd2 Rxc1+
28. Qxc1 Kd7 29. Nd2 Qc6 30. Qa1 Ba6 31. Nf1 Bb7 32. Ne3 Qc3 33. Qa4+ Qc6 34.
Qd1 Qc3 35. Rc2 Qd3 36. Qc1 Ba6 37. Rc7+ Kd8 38. Ra7 1-0

[Event "World Rapid Women 2017"]
[Site "Riyadh KSA"]
[Date "2017.12.27"]
[Round "6.33"]
[White "Savina, Anastasia"]
[Black "Fierro Baquero, Martha L."]
[Result "1-0"]
[WhiteTitle "IM"]
[BlackTitle "IM"]
[WhiteElo "2350"]
[BlackElo "2369"]
[WhiteFideId "4196872"]
[BlackFideId "3600270"]
[EventDate "2017.12.26"]

1. d4 g6 2. c4 Bg7 3. e4 d6 4. Nf3 Nf6 5. Nc3 O-O 6. h3 e5 7. d5 a5 8. g4 Na6 9.
Be3 Nd7 10. a3 Nb6 11. Rg1 Bd7 12. h4 Nc5 13. a4 c6 14. h5 Rc8 15. h6 Bh8 16.
Bxc5 dxc5 17. b3 cxd5 18. Nxd5 Be6 19. Ne3 Nd7 20. Ra2 Qb6 21. Rd2 Nb8 22. Nd5
Qd8 23. Nc3 Qe7 24. Nd5 Qd8 25. Ne3 Qb6 26. Nd5 Bxd5 27. cxd5 Qb4 28. Bc4 Rfd8
29. g5 Nd7 30. Qe2 Nb6 31. Kf1 Rc7 32. Kg2 Nc8 33. Ne1 Nd6 34. Nd3 Qc3 35. Rc1
Qd4 36. f3 Nf5 37. exf5 Qh4 38. Rg1 e4 39. fxe4 Bd4 40. Nf2 Qxg5+ 41. Kf1 Qf4
42. fxg6 hxg6 43. Rg4 Qxh6 44. Rd3 Re7 45. Rh3 Qc1+ 46. Kg2 Rd6 47. Rh1 Qc3 48.
Rg3 Qb4 49. Ng4 Bg7 50. Qe1 Qa3 51. Rgh3 Qb2+ 52. Qf2 Qa3 53. e5 Rxe5 54. Nxe5
Bxe5 55. Re1 Bf6 56. Re8+ Kg7 57. Reh8 g5 58. R3h7+ 1-0

[Event "World Rapid Women 2017"]
[Site "Riyadh KSA"]
[Date "2017.12.27"]
[Round "6.34"]
[White "Ambartsumova, Karina"]
[Black "Michna, Marta"]
[Result "1/2-1/2"]
[WhiteTitle "WGM"]
[BlackTitle "WGM"]
[WhiteElo "2359"]
[BlackElo "2377"]
[WhiteFideId "4166299"]
[BlackFideId "1106686"]
[EventDate "2017.12.26"]

1. Nf3 d6 2. d4 Nf6 3. c4 g6 4. Nc3 Bg7 5. e4 O-O 6. Be2 Bg4 7. Be3 Nfd7 8. O-O
Bxf3 9. Bxf3 Nc6 10. d5 Na5 11. Be2 c5 12. Qc2 a6 13. Rab1 Rc8 14. f4 Nb6 15. b3
Bd4 16. Qd2 Bg7 17. Bd3 Nd7 18. Rbe1 b5 19. cxb5 c4 20. bxc4 Nxc4 21. Bxc4 Rxc4
22. Rc1 Qa5 23. Nb1 Qxd2 24. Nxd2 Rxc1 25. Rxc1 axb5 26. Rc7 Nf6 27. Rxe7 Ng4
28. Bb6 Ra8 29. h3 Nf6 30. Ra7 Re8 31. Ra5 Nxe4 32. Nxe4 Rxe4 33. Rxb5 Rxf4 34.
Be3 Bd4 35. Bxd4 Rxd4 36. Kf2 Rd2+ 37. Kf3 Rxa2 38. Rb6 Kf8 39. Rxd6 Ke7 40. Rb6
Rd2 41. Rb7+ Kf6 42. Rd7 h5 43. h4 Rd1 44. g3 Ke5 45. Re7+ Kd6 46. Ra7 Rf1+ 47.
Ke4 Re1+ 48. Kd4 Rd1+ 49. Ke4 f5+ 50. Ke3 Re1+ 51. Kf2 Re5 52. Ra6+ Kxd5 53.
Rxg6 Ke4 54. Rg5 f4 55. gxf4 Kxf4 56. Rxe5 Kxe5 57. Kf3 Kf5 58. Kg3 Ke4 59. Kf2
Kf4 60. Kg2 Kg4 61. Kh2 Kxh4 62. Kg2 Kg4 63. Kh2 h4 64. Kg2 h3+ 65. Kh2 Kh4 66.
Kg1 Kg3 67. Kh1 1/2-1/2

[Event "World Rapid Women 2017"]
[Site "Riyadh KSA"]
[Date "2017.12.27"]
[Round "6.35"]
[White "Galojan, Lilit"]
[Black "Ovod, Evgenija"]
[Result "1/2-1/2"]
[WhiteTitle "IM"]
[BlackTitle "IM"]
[WhiteElo "2300"]
[BlackElo "2364"]
[WhiteFideId "13301314"]
[BlackFideId "4131827"]
[EventDate "2017.12.26"]

1. c4 c5 2. Nf3 Nf6 3. Nc3 e6 4. g3 b6 5. Bg2 Bb7 6. O-O d6 7. d3 Be7 8. e4 O-O
9. Ne1 Nc6 10. f4 Qd7 11. Nc2 Rac8 12. h3 Rfd8 13. g4 Ne8 14. g5 Bf8 15. f5 Ne5
16. Ne3 Qe7 17. Ng4 exf5 18. exf5 Bxg2 19. Kxg2 Nxg4 20. Qxg4 Nc7 21. Bf4 Re8
22. f6 Qe6 23. Bg3 Qxg4 24. hxg4 Re3 25. Rf3 Rce8 26. Ne4 R8xe4 27. dxe4 Rxe4
28. Rf4 Re2+ 29. Rf2 Re4 30. Rf4 Re2+ 31. Rf2 Re4 32. Rf4 1/2-1/2

[Event "World Rapid Women 2017"]
[Site "Riyadh KSA"]
[Date "2017.12.27"]
[Round "6.36"]
[White "Nakhbayeva, Guliskhan"]
[Black "Sukandar, Irine Kharisma"]
[Result "0-1"]
[WhiteTitle "WGM"]
[BlackTitle "IM"]
[WhiteElo "2314"]
[BlackElo "2384"]
[WhiteFideId "13704788"]
[BlackFideId "7101937"]
[EventDate "2017.12.26"]

1. d4 c5 2. d5 e5 3. e4 d6 4. c4 g6 5. Nc3 Bg7 6. Bd3 Ne7 7. Nge2 O-O 8. O-O f5
9. exf5 gxf5 10. f4 Ng6 11. Kh1 a6 12. Be3 e4 13. Bc2 b5 14. cxb5 axb5 15. Nxb5
Bxb2 16. Rb1 Bg7 17. Nec3 Nd7 18. Na4 Ba6 19. Re1 Nf6 20. h3 Rb8 21. Nac3 Ng4
22. Qd2 Nxe3 23. Qxe3 Qh4 24. Nxd6 Rxb1 25. Nxb1 Bd4 26. Qd2 e3 27. Qa5 Qxf4 28.
Nxf5 Be5 29. g3 Qf3+ 30. Kg1 Rxf5 31. Qd8+ Rf8 0-1

[Event "World Rapid Women 2017"]
[Site "Riyadh KSA"]
[Date "2017.12.27"]
[Round "6.37"]
[White "Kovanova, Baira"]
[Black "Khukhashvili, Sopiko"]
[Result "1-0"]
[WhiteTitle "WGM"]
[BlackTitle "IM"]
[WhiteElo "2367"]
[BlackElo "2312"]
[WhiteFideId "4164083"]
[BlackFideId "13602055"]
[EventDate "2017.12.26"]

1. Nf3 c5 2. g3 Nc6 3. Bg2 e5 4. e4 Nf6 5. d3 d5 6. exd5 Nxd5 7. O-O Be7 8. Re1
f6 9. c3 Nc7 10. Be3 Ne6 11. Na3 O-O 12. Nc2 f5 13. d4 cxd4 14. cxd4 e4 15. d5
Nb4 16. Nxb4 Bxb4 17. dxe6 Bxe1 18. Qb3 Qe7 19. Nd4 Bb4 20. h4 h6 21. Bh3 f4 22.
Bxf4 g5 23. hxg5 hxg5 24. Bxg5 Qxg5 25. e7+ Kh8 26. exf8=Q+ Bxf8 27. Bxc8 Rxc8
28. Ne6 Qf5 29. Nxf8 Rxf8 30. Qe3 b6 31. Rc1 Kg7 32. Rc7+ Kg6 33. Re7 Rc8 34.
Qxe4 Qxe4 35. Rxe4 Rc2 36. Rb4 Kf5 37. Kg2 Rc1 38. a4 Rc5 39. Rb5 1-0

[Event "World Rapid Women 2017"]
[Site "Riyadh KSA"]
[Date "2017.12.27"]
[Round "6.38"]
[White "Szczepkowska, Karina"]
[Black "Hoang, Thanh Trang"]
[Result "1/2-1/2"]
[WhiteTitle "IM"]
[BlackTitle "GM"]
[WhiteElo "2419"]
[BlackElo "2439"]
[WhiteFideId "1122681"]
[BlackFideId "12400149"]
[EventDate "2017.12.26"]

1. d4 f5 2. g3 Nf6 3. Bg2 g6 4. Nh3 Bg7 5. c4 d6 6. O-O O-O 7. Nc3 Nc6 8. d5 Ne5
9. Qb3 Nfd7 10. Be3 Nb6 11. Bxb6 axb6 12. Nb5 c5 13. dxc6 bxc6 14. f4 Ra5 15.
Nd4 c5 16. fxe5 cxd4 17. c5+ Kh8 18. cxb6 Rxe5 19. b7 Be6 20. Qc2 Rc5 21. Qa4
Bd7 22. Qb3 Rb5 23. Qc2 Qb6 24. Qd3 d5 25. b3 Qxb7 26. Rac1 e5 27. Qd2 Qb6 28.
Kh1 e4 29. Nf4 Qd6 30. Rc2 Be8 31. h4 h6 32. Rfc1 g5 33. hxg5 hxg5 34. Nh3 Qxg3
35. Qxg5 Qxg5 36. Nxg5 Bh6 37. Ne6 Bxc1 38. Nxf8 Bf4 39. Ne6 Be5 40. Rc8 Rb8 41.
Rxb8 Bxb8 42. Nxd4 Ba7 43. Nxf5 Bd7 44. Ne7 Be6 45. Nc6 Be3 46. a4 Kg7 47. a5
Bc8 48. Ne7 Be6 49. a6 Kf6 50. Nc6 Bc8 51. Nb4 Ke5 52. Kh2 Kd6 53. Bh3 Bxh3 54.
Kxh3 Ba7 55. Kg4 Kc5 56. Nc2 d4 57. Kf4 d3 58. exd3 exd3 59. Ne3 Kb4 60. Ke4 d2
61. Nd1 Kxb3 62. Kd3 Ka4 63. Ke4 1/2-1/2